Select constitutional documents illustrating South African history 1795 – 1910

Kaydedildi:
Detaylı Bibliyografya
Yazar: EYBERS, George von Felfling, 1887
Materyal Türü: Kitap
Dil:İngilizce
Baskı/Yayın Bilgisi: George von Felfling Eybers. 1969
Etiketler: Etiketle
Etiket eklenmemiş, İlk siz ekleyin!

MARC

LEADER 00000nam a22000007a 4500
008 201221b ||||| |||| 00| 0 eng d
100 |a EYBERS, George von Felfling, 1887 
245 |a Select constitutional documents illustrating South African history 1795 – 1910  |c George von Felfling Eybers. 
260 |b George von Felfling Eybers.  |c 1969  |h New York  |i 89707  |l JQ1911 .Ey1  
942 |a lcc  |c BK  |e ADEYEYE Y. S  |f 21/12/2020 
952 |0 0  |1 0  |2 lcc  |4 0  |6 JQ1911 E Y1  |7 0  |9 1097  |a HOL  |b HOL  |c GJ  |d 2020-12-21  |l 0  |o JQ1911 .Ey1   |p 2020-230311  |r 2020-12-21 00:00:00  |w 2020-12-21  |y BK 
999 |c 571  |d 571